Egipscy sportowcy - nagła śmierć - Statystyki

Ogólne statystyki
  • Ten quiz został rozwiązany 29 razy
  • Średni wynik to 4 z 7
Answers on the Grid
Answers color-coded by a green-red scale on the quiz's grid according to % correct below.
Mohamed Salah
Marouane Chamakh
Hakan Çalhanoğlu
Mohamed Elneny
Milad Ebadipur
Ahmed Hegazi
Karim Benzema
Farida Osman
Mohamed El Arabi
Riyad Mahrez
Feryal Abdelaziz
Ahmed Musa
Yaya Touré
Sokratis Papastatopulos
Karam Dżabir
Ahmed El-Gendy
 
Statystyki odpowiedzi
Odpowiedź % Poprawnych
Mohamed Salah
100%
Mohamed Elneny
69%
Ahmed El-Gendy
58%
Ahmed Hegazi
50%
Feryal Abdelaziz
38%
Farida Osman
23%
Karam Dżabir
19%
Nie znaleziono quizów pasujących do podanych kryteriów
Rozkład punktacji
Procent ludzi z każdym wynikiem
Percentyl według liczby udzielonych odpowiedzi
Twoja historia wyników
Nie rozwiązałeś tego quizu